000 00267 a2200109 4500
001 155498
040 _cEscola São Tomás de Aquino
240 1 0 _aTex
_lpor
245 1 0 _aTex
697 _aCaricaturas, desenho animado, cômico, fotonovelas / Quadrinhos
942 _cBK
999 _c155498
_d155498